000 01696nam a22004697a 4500
001 T0000646
003 KOHA_MİRAKIL
005 20260207004657.0
007 ta
008 220318b2022 tu |||grm|||#0|||0|tur |
040 _aTR-BiSEU
_btur
_cTR-BiSEU
_erda
041 0 _atur
044 _ctu
050 0 0 _aTez
_b646
100 1 _aFakuç, Tuğba.
245 1 _aMuhasebe eğitiminde halk eğitimi merkezlerinin rolü: Bilecik halk eğitimi merkezi uygulaması
245 1 _a
245 1 _a/
_cTuğba Fakuç ; Tuğba Fakuç; danışman Meral Erol Fidan.
264 1 _aBilecik :
_bBilecik Şeyh Edebali Üniversitesi
_c2022
300 _aXI, 114 sayfa: resimli; 30 cm. +
_e1 CD-ROM
336 _ametin
_btxt
_2rdacontent
337 _aaracısız
_bn
_2rdamedia
338 _acilt
_bnc
_2rdacarrier
490 0 _aRef.
490 0 _aNo: 10388328
500 _aKaynakça var.
500 _aİngilizce Eser Adı: The role of public education centers in accounting education: Bilecik public education center application.
500 _a
502 _aTez (Yüksek Lisans) -- Bilecik Şeyh Edebali Üniversitesi Lisansüstü Eğitim Enstitüsü İşletme Anabilim Dalı, Bilecik, .
650 0 _aMuhasebe eğitimi.
_9126646
650 0 _aGenel muhasebe eğitimi.
_9126647
650 0 _aHalk eğitim merkezleri.
_9126648
650 0 _aMuhasebe kursları.
_9126649
650 0 _aAccounting education.
_9126650
650 0 _aGeneral accounting education.
_9126651
650 0 _aPublic education centers.
_9126652
650 0 _aThe accounting course.
_9126653
830 0 _aRef.
_9123605
830 0 _aNo: 10388328
_9126654
856 4 0 _uhttp://acikkaynak.bilecik.edu.tr/xmlui/handle/11552/2662
907 _aYüksek Lisans
942 _2lcc
_cTS
999 _c67404
_d67404